000 00575nam a22001937a 4500
005 20251108164644.0
008 250721s1981 xx 000 0 ara d
082 1 4 _a811.909/أحم
100 1 _aالحوفي، أحمد محمد
245 1 0 _aأضواء على الأدب الحديث /
264 1 _aالقاهرة :
_bدار المعارف،
_c1981.
300 _a336ص
650 1 7 _aالشعر العربي
650 1 7 _aالعصر الحديث
650 1 7 _aالتاريخ الأدبي
650 1 7 _aالنقد الأدبي
942 _2ddc
_cBK
999 _c11074
_d11074